Italian People - Sudden Death - Statistics

General Stats
  • This quiz has been taken 931 times
    902 since last reset
  • The average score is 14 of 20
Answers on the Grid
Answers color-coded by a green-red scale on the quiz's grid according to % correct below.
Antonin Scalia
Antonio Stradivari
Antonio Vivaldi
Carlos Monzón
Christopher Columbus
Dante Alighieri
Diego Maradona
Donatella Versace
Enrico Fermi
Fabrizio De André
Federico Fellini
Fiorello La Guardia
Franz Liszt
Giorgia Meloni
Jannik Sinner
Liberace
Lorenzo de' Medici
Luciano Pavarotti
Marco Polo
Mario Puzo
Marisa Tomei
Michelangelo
Niccolò Machiavelli
Nostradamus
Oscar de la Renta
Paulo Coelho
Raphael
Roberto Benigni
Rodrigo Borgia
Silvio Berlusconi
Sophia Loren
Umberto Eco
 
Answer Stats
Answer % Correct
Antonio Vivaldi
87%
Michelangelo
86%
Donatella Versace
85%
Lorenzo de' Medici
83%
Luciano Pavarotti
82%
Niccolò Machiavelli
79%
Marco Polo
78%
Silvio Berlusconi
78%
Antonio Stradivari
76%
Dante Alighieri
74%
Federico Fellini
74%
Christopher Columbus
71%
Giorgia Meloni
70%
Raphael
69%
Enrico Fermi
65%
Roberto Benigni
63%
Sophia Loren
59%
Umberto Eco
59%
Jannik Sinner
42%
Fabrizio De André
32%
No matching quizzes found
Score Distribution
Percent of People with Each Score
Percentile by Number Answered
Your Score History
You have not taken this quiz since the last reset